発行部数3000万部以上の漫画 - Statistics

General Stats
  • This quiz has been taken 363 times
  • The average score is 28 of 108
Answer Stats
Hint Answer % Correct
5億部 ワンピース
97%
2億6000万部 ドラゴンボール
87%
1億5000万部 鬼滅の刃
85%
2億7000万部 名探偵コナン
77%
2億5000万部 ナルト
77%
1億部 ドラえもん
75%
9000万部 呪術廻戦
70%
1億7000万部 スラムダンク
67%
8400万部 HUNTER×HUNTER
63%
1億4000万部 進撃の巨人
62%
1億5650万部 こちら葛飾区亀有公園前派出所
60%
9000万部 キャプテン翼
55%
6200万部 ハイキュー!!
55%
1億部 僕のヒーローアカデミア
54%
1億3000万部 BLEACH
54%
1億2000万部 ジョジョの奇妙な冒険
53%
5400万部 クレヨンしんちゃん
53%
5800万部 銀魂
50%
3億部 ゴルゴ13
49%
1億部 タッチ
48%
8600万部 サザエさん
48%
3100万部 黒子のバスケ
46%
3250万部 ちびまる子ちゃん
44%
6000万部 テニスの王子様
43%
5000万部 幽遊白書
42%
1億部 鉄腕アトム
40%
3000万部 デスノート
40%
5500万部 メジャー
38%
3000万部 ブルーロック
38%
3000万部 トリコ
38%
8000万部 鋼の錬金術師
37%
4766万部 ブラック・ジャック
36%
4000万部 ダイヤのA
36%
5000万部 犬夜叉
35%
1億部 キングダム
34%
7200万部 るろうに剣心
34%
5500万部 らんま1/2
34%
3500万部 SPY×FAMILY
34%
1億3500万部 美味しんぼ
33%
1億部 北斗の拳
33%
3500万部 Dr.スランプ
32%
1億部 金田一少年の事件簿
30%
3500万部 うる星やつら
30%
8000万部 東京卍リベンジャーズ
29%
7700万部 キン肉マン
28%
4800万部 ドカベン
28%
1億部 はじめの一歩
27%
4200万部 約束のネバーランド
24%
4000万部 遊戯王
23%
5000万部 聖闘士星矢
22%
5500万部 七つの大罪
20%
3000万部 ワンパンマン
20%
3600万部 クッキングパパ
19%
5500万部 H2
18%
1億部 バキ
16%
6100万部 花より男子
16%
4500万部 転生したらスライムだった件
16%
7200万部 FAIRYTAIL
16%
4700万部 東京喰種
15%
5000万部 CITY HUNTER
15%
5600万部 頭文字D
15%
5000万部 ガラスの仮面
14%
8000万部 三国志
13%
6000万部 ベルセルク
12%
3100万部 宇宙兄弟
12%
5000万部 NANA
12%
8200万部 バガボンド
11%
4600万部 美少女戦士セーラームーン
11%
3300万部 薬屋のひとりごと
11%
4000万部 今日から俺は!!
10%
3900万部 のだめカンタービレ
10%
5000万部 GTO
10%
3000万部 REBORN!
10%
3800万部 SHAMAN KING
10%
3000万部 YAWARA!
10%
3600万部 君に届け
9%
3000万部 うしおととら
9%
3600万部 20世紀少年
9%
6000万部 ろくでなしBLUES
9%
4600万部 課長島耕作
7%
4500万部 静かなるドン
7%
3400万部 黒執事
7%
5000万部 ドラゴンクエスト ダイの大冒険
6%
3000万部 サラリーマン金太郎
6%
3000万部 ソードアート・オンライン
6%
5000万部 デビルマン
5%
4600万部 クローズ
5%
3000万部 鬼平犯科帳
5%
5000万部 COBRA
5%
5000万部 シュート!
4%
3100万部 とある魔術の禁書目録
4%
3000万部 フルーツバスケット
4%
4000万部 王家の紋章
3%
4000万部 釣りキチ三平
3%
3000万部 じゃりン子チエ
3%
3000万部 カメレオン
3%
3000万部 ときめきトゥナイト
3%
3300万部 3×3 EYES
3%
4500万部 DEAR BOYS
3%
3500万部 WORST
3%
5500万部 バッドボーイズ
2%
5300万部 ミナミの帝王
2%
3300万部 特攻の拓
2%
3200万部 沈黙の艦隊
2%
3000万部 バスタード
2%
3500万部 イタズラなKiss
2%
5100万部 あっぱれ!浦安鉄筋家族
1%
4010万部 BE-BOP-HIGHSCHOOL
1%
No matching quizzes found
Score Distribution
Percent of People with Each Score
Percentile by Number Answered
Your Score History
You have not taken this quiz